[Event "Saarland-ch C 85th"]
[Site "Homburg"]
[Date "2010.04.02"]
[Round "8"]
[White "Wilhelm, Axel"]
[Black "John, Franz"]
[Result "1-0"]
[WhiteElo "1318"]
[BlackElo "1112"]
[PlyCount "77"]
[EventDate "2010.03.28"]
[EventType "swiss"]
[EventRounds "9"]
[EventCountry "GER"]
[SourceTitle "EXT 2011"]
[Source "ChessBase"]
[SourceDate "2010.11.26"]
[SourceVersion "1"]
[SourceVersionDate "2010.11.26"]
[SourceQuality "1"]

1. e4 c5 2. Nf3 d6 3. d3 Nf6 4. g3 Nc6 5. Bg2 g6 6. Bg5 Bg7 7. 0-0 0-0 8. c3 Re8 9. Re1 Rb8 10. Nbd2 b5 11. Qc2 Qc7 12. d4 cxd4 13. cxd4 Qb6 14. Nb3 a5 15. a4 Nb4 16. Qd2 Ra8 17. Nh4 Ra7 18. h3 Bd7 19. Be3 Rc7 20. Rec1 Rec8 21. Rxc7 Rxc7 22. d5 Qa6 23. axb5 Qc8 24. Rxa5 Rc2 25. Qxb4 Nxd5 26. exd5 Bxh3 27. Qa4 Qd7 28. Ra7 Qg4 29. Qxg4 Bxg4 30. Ra8+ Bc8 31. Nd4 Bxd4 32. Bxd4 h5 33. Bh3 Rc1+ 34. Kh2 e5 35. Be3 Kh7 36. Bxc1 Bxh3 37. Kxh3 Kg7 38. b6 f5 39. b7 1-0

[Event "Saarland-ch C 85th"]
[Site "Homburg"]
[Date "2010.03.28"]
[Round "2"]
[White "Wilhelm, Axel"]
[Black "Wolsdorfer, Tim"]
[Result "0-1"]
[WhiteElo "1318"]
[BlackElo "1171"]
[PlyCount "74"]
[EventDate "2010.03.28"]
[EventType "swiss"]
[EventRounds "9"]
[EventCountry "GER"]
[SourceTitle "EXT 2011"]
[Source "ChessBase"]
[SourceDate "2010.11.26"]
[SourceVersion "1"]
[SourceVersionDate "2010.11.26"]
[SourceQuality "1"]

1. e4 e5 2. Nf3 Nc6 3. Bb5 d6 4. 0-0 Bd7 5. Nc3 Nf6 6. Re1 g6 7. d3 Bg7 8. Bg5 h6 9. Bxf6 Bxf6 10. Nd5 0-0 11. c3 a6 12. Ba4 b5 13. Bb3 Bg7 14. a4 Ne7 15. axb5 Bxb5 16. c4 Bc6 17. Qc2 Bxd5 18. cxd5 Ra7 19. Ra3 Qb8 20. Bc4 Qb7 21. Rb3 Qa8 22. Ra1 c6 23. dxc6 Qxc6 24. Rc3 Qb6 25. Raa3 Rfa8 26. Rab3 Qd8 27. Ra3 a5 28. Ra4 Rb8 29. Rca3 Nc6 30. Qd2 Nb4 31. Ne1 Qb6 32. Rb3 Qc7 33. Nc2 Nxc2 34. Qxc2 Rb4 35. g3 Rxa4 36. Rb7 Ra1+ 37. Kg2 Rxb7 0-1

[Event "Saarland-ch C"]
[Site "Schiffweiler"]
[Date "2009.04.06"]
[Round "4"]
[White "Wilhelm, Axel"]
[Black "Weiland, Gerd"]
[Result "1-0"]
[WhiteElo "1214"]
[BlackElo "960"]
[PlyCount "115"]
[EventDate "2009.04.03"]
[EventType "swiss"]
[EventRounds "9"]
[EventCountry "GER"]
[SourceTitle "EXT 2012"]
[Source "ChessBase"]
[SourceDate "2011.11.24"]
[SourceVersion "1"]
[SourceVersionDate "2011.11.24"]
[SourceQuality "1"]

1. e4 g6 2. Nf3 Bg7 3. g3 Nf6 4. d3 d6 5. Bg2 0-0 6. 0-0 Nc6 7. c3 e5 8. Nbd2 a6 9. a4 d5 10. exd5 Nxd5 11. Re1 a5 12. Ne4 f6 13. Qb3 Kh8 14. Qc2 Nde7 15. b3 Rb8 16. Ba3 b6 17. Rad1 h6 18. Bf1 f5 19. Ned2 Re8 20. Nc4 Nd5 21. Ne3 Be6 22. Nxd5 Bxd5 23. Bg2 e4 24. dxe4 fxe4 25. Nh4 Kh7 26. c4 Nd4 27. Qb1 Ba8 28. Bb2 c5 29. Bxe4 Bxe4 30. Rxe4 Rxe4 31. Qxe4 Qd6 32. Bc1 Qe6 33. Qd3 Rd8 34. Rd2 Rd6 35. Ng2 Qf5 36. Qxf5 Nxf5 37. Rxd6 Nxd6 38. Ne3 Bd4 39. Nd5 Nc8 40. Be3 h5 41. Bf4 Bb2 42. Bc7 Ba3 43. Nxb6 Nxb6 44. Bxb6 Bb4 45. Kg2 Kg8 46. Kf3 Kf7 47. Ke4 Ke6 48. f3 Kd7 49. Kd5 Ke7 50. Bxc5+ Bxc5 51. Kxc5 Ke6 52. Kb6 Kf5 53. c5 g5 54. c6 h4 55. gxh4 gxh4 56. c7 Kf4 57. c8Q Kxf3 58. Qh3+ 1-0

[Event "Saarland-ch C"]
[Site "Schiffweiler"]
[Date "2009.04.03"]
[Round "1"]
[White "Draeger, Robin"]
[Black "Wilhelm, Axel"]
[Result "1-0"]
[WhiteElo "1429"]
[BlackElo "1214"]
[PlyCount "45"]
[EventDate "2009.04.03"]
[EventType "swiss"]
[EventRounds "9"]
[EventCountry "GER"]
[SourceTitle "EXT 2012"]
[Source "ChessBase"]
[SourceDate "2011.11.24"]
[SourceVersion "1"]
[SourceVersionDate "2011.11.24"]
[SourceQuality "1"]

1. e4 c6 2. d4 d5 3. exd5 cxd5 4. c4 Nf6 5. Nc3 Bf5 6. Qb3 Nc6 7. cxd5 Na5 8. Bb5+ Nd7 9. Qd1 a6 10. Be2 b5 11. Bf4 Nf6 12. Bf3 Ra7 13. Nge2 Nc4 14. Qb3 e6 15. dxe6 Bxe6 16. Bc6+ Nd7 17. d5 Bf5 18. 0-0 Bc5 19. Nxb5 axb5 20. Qxb5 Bd3 21. Qxc5 Ra5 22. Qd4 0-0 23. Qxd3 1-0